R.J. Rummel : (Record no. 65028)
[ view plain ]
| 000 -LEADER | |
|---|---|
| fixed length control field | 00909nam a2200241Ii 4500 |
| 008 - FIXED-LENGTH DATA ELEMENTS--GENERAL INFORMATION | |
| fixed length control field | 221202s xx 000 0 und d |
| 100 1# - MAIN ENTRY--PERSONAL NAME | |
| Personal name | Petter Gleditsch, Nils, |
| Relator term | author |
| 245 #0 - TITLE STATEMENT | |
| Title | R.J. Rummel : |
| Remainder of title | An Assessment of His Many Contributions |
| 264 #1 - PRODUCTION, PUBLICATION, DISTRIBUTION, MANUFACTURE, AND COPYRIGHT NOTICE | |
| Place of production, publication, distribution, manufacture | Cham |
| Name of producer, publisher, distributor, manufacturer | Springer Nature |
| Date of production, publication, distribution, manufacture, or copyright notice | 2017 |
| 300 ## - PHYSICAL DESCRIPTION | |
| Extent | 1 online resource |
| 336 ## - CONTENT TYPE | |
| Content type term | text |
| Content type code | txt |
| Source | rdacontent |
| 337 ## - MEDIA TYPE | |
| Media type term | computer |
| Media type code | c |
| Source | rdamedia |
| 338 ## - CARRIER TYPE | |
| Carrier type term | online resource |
| Carrier type code | cr |
| Source | rdacarrier |
| 490 ## - SERIES STATEMENT | |
| Series statement | SpringerBriefs on Pioneers in Science and Practice |
| 520 ## - SUMMARY, ETC. | |
| Summary, etc. | genocide; democracy; libertarianism; peace; Cold War |
| 653 ## - INDEX TERM--UNCONTROLLED | |
| Uncontrolled term | Cold War |
| 653 ## - INDEX TERM--UNCONTROLLED | |
| Uncontrolled term | Democracy |
| 653 ## - INDEX TERM--UNCONTROLLED | |
| Uncontrolled term | Genocide |
| 653 ## - INDEX TERM--UNCONTROLLED | |
| Uncontrolled term | Libertarianism |
| 653 ## - INDEX TERM--UNCONTROLLED | |
| Uncontrolled term | Peace |
| 856 ## - ELECTRONIC LOCATION AND ACCESS | |
| Uniform Resource Identifier | <a href="https://library.oapen.org/bitstream/20.500.12657/27735/1/1002270.pdfhttps://link.springer.com/book/10.1007/978-3-319-54463-2http://library.oapen.org/handle/20.500.12657/27735">https://library.oapen.org/bitstream/20.500.12657/27735/1/1002270.pdfhttps://link.springer.com/book/10.1007/978-3-319-54463-2http://library.oapen.org/handle/20.500.12657/27735</a> |
| 942 ## - ADDED ENTRY ELEMENTS (KOHA) | |
| Koha item type | E-Book |
| Withdrawn status | Damaged status | Not for loan | Home library | Current library | Date acquired | Total Checkouts | Date last seen | Price effective from | Koha item type |
|---|---|---|---|---|---|---|---|---|---|
| Directory of Open Access Books | Directory of Open Access Books | 11/28/2022 | 11/28/2022 | 11/28/2022 | E-Book |